01109nas a2200325 4500001001300000003000900013005001700022007000300039008003400042040005400076041000900130072000800139100002100147100002100168100002200189100002800211100002100239100001900260245010800279246010200387650001900489650001300508650001200521650002400533650001500557650002300572650001200595773010800607856006800715BR2015006553BR-BrBNA20231205125921.0ta230509b bl.|||p| |||| 00| 00por d aBR-BrBNAbporcBiblioteca Nacional de Agricultura a(Pt) aF041 aFaria, A.J.G. de1 aFreitas, G.A. de1 aGeorgetti, A.C.P.1 aFerreira Júnior, J.M.1 aSilva, M.C.A. da1 aSilva, R.R. da1 aAdubação nitrogenada e potássica na produtividade do capim Mombaça sobre adubação fosfatada1 aNitrogen and potassium fertilization in grass productivity Mombasa about phosphorus fertilization aCAPIM COLONIAO aADUBACAO aFOSFATO aFERTILIDADE DO SOLO aRENDIMENTO aMORFOLOGIA VEGETAL aANALISE0 tJournal of Bioenergy and Food Science (Brazil)xISSN 2359-2710g(2015), v. 2(3) p. 98-106wBR201500655340uhttp://periodicos.ifap.edu.br/index.php/JBFS/article/view/24/66